000 00318nam a2200121Ia 4500
008 190216s9999||||xx |||||||||||||| ||und||
100 _aKappor V K
245 0 _aIntoduction To Computers Data Processing And System Analysis
260 _bSulthan Chand&Sons
_c1997
300 _ab-32p
650 _aComputer
942 _cBK
999 _c8535
_d8535